Prawo sa̜dowe w ustawodawstwie miasta Gdańska w XVIII wieku
| Titel: | Prawo sa̜dowe w ustawodawstwie miasta Gdańska w XVIII wieku / Tadeusz Maciejewski |
|---|---|
| Verfasser: | |
| Veröffentlicht: | Wrocław : Ossol. [u.a.], 1984 |
| Umfang: | 185 S. |
| Format: | Buch |
| Sprache: | Polnisch |
| Schriftenreihe/ mehrbändiges Werk: |
Seria monografii / Gdańskie Towarzystwo Naukowe, Wydział 1 Nauk Społecznych i Humanistycznych ; 80 |
| ISBN: | 8304019167 |
| Lokale Klassifikation: | 7 12 F |
|---|
alg: 3512880
001A $03004:22-05-95
001B $01999:28-04-23 $t22:03:33.000
001D $09999:99-99-99
001U $0utf8
001X $00
002@ $0Aayc
003@ $0035128801
003O $0185863116 $aOCoLC
004A $083-04-01916-7
007A $0035128801 $aHEB
007T $0Herd21665
010@ $apol
011@ $a1984 $n1984
013H $0z
015@ $00
021A $a@Prawo sa̜dowe w ustawodawstwie miasta Gdańska w XVIII wieku $hTadeusz Maciejewski
027A/01 $aDas Rechtswesen in der Gesetzgebung der Stadt Danzig im 18. Jahrhundert
028A $#Maciejewski, Tadeusz $7138673454 $8Maciejewski, Tadeusz$Z1952- [Tp1] $9213910799
033A $pWrocław $nOssol. {[u.a.]
034D $a185 S.
036E $aSeria monografii / Gdańskie Towarzystwo Naukowe, Wydział 1 Nauk Społecznych i Humanistycznych $l80
036F $x280 $8Seria monografii / Gdańskie Towarzystwo Naukowe, Wydział 1 Nauk Społecznych i Humanistycznych $9002748290 $l80
044K $RStadtrecht $#Culmisches Recht $#Culmer Stadtrecht $74338042-6 $8Culmer Recht [Ts1] $9088137082
044K $RProzess $RGerichtsbarkeit $RRechtspflege $RGerichtsentscheidung $#Law Cases $#Jurisprudence $#Rechtsprechung $#Rechtsprechung $#Judikatur $#Spruchpraxis $74115710-2 $8Rechtsprechung [Ts1] $9085350869
044K $#Danzig $#Ville Libre de Danzig $#Dantzig $#Ville Libre de Dantzig $#Freistaat Danzig $#Gdańsk $#Freie Stadt Danzig $#Urząd Miejski w Gdańsku $#Gyddanzyc $#Gedanum $#Dantiscum $74011039-4 $8Danzig [Tg1] $9085022225
045F $a340.09 $eDDC23BSB
045F/01 $a340.09
045F/03 $f0903
045F/03 $f09041
045F/03 $g4382
045F/03 $g43832
045R $aGeschichte 1700-1800
046C $aDas Rechtswesen in der Gesetzgebung der Stadt Danzig im 18. Jahrhundert $bÜbers. des Hauptsacht.
lok: 3512880 24
101B $011-11-04 $t10:22:30.000
145Z/01 $a7 12 F
101U $0utf8
exp: 3512880 24 1 #EPN
201B/01 $011-11-04 $t10:22:30.000
203@/01 $0086628933
208@/01 $a22-05-95 $bh
209A/01 $a7 XII F 21 $du $f050 $h7 12 F 21 $x00
209B/01 $a55 $x05
209C/01 $aT 85 1191 $h85 1191 T
209G/01 $a70753910 $x00
237A/01 $aHZK
247C/01 $8358050-7 Marburg, Bibliothek des Herder-Instituts Marburg $9102600961
201U/01 $0utf8
lok: 3512880 78
exp: 3512880 78 1 #EPN
201B/01 $026-11-17 $t04:57:07.000
201U/01 $0utf8
203@/01 $0791790657
208@/01 $a12-11-16 $be
209A/01 $a/ $f000 $x00
220C/01 $aTitelaufnehmer: kl
237A/01 $adt. Res. 182-184. - weiterführende Signatur(en): Herder-Institut: 7 XII F 21
244Z/01 $2Trx $#Prusy Wschodnie i Zachodnie $8--Trx--Ost- und Westpreußen $x01 $939113373X
244Z/01 $#Danzig $#Ville Libre de Danzig $#Dantzig $#Ville Libre de Dantzig $#Freistaat Danzig $#Gdańsk $#Freie Stadt Danzig $#Urząd Miejski w Gdańsku $#Gyddanzyc $#Gedanum $#Dantiscum $74011039-4 $8--Tg1--Danzig $x02 $9085022225
244Z/01 $aGeschichte 1700-1800 $x03
244Z/01 $2Trx $#õigussüsteem $#teisė $#Law, system of $#jogok $#prawo $#právo $#právo $#Justiz $#Rechtspflege $#justícia $#justice $8--Trx--Rechtswesen $x04 $9391354604
244Z/01 $2Trx $#seadlusandlus $#įstatymų leidyba $#Legislation $#törvényhozás $#prawodawstwo $#zákonodarstvo $#zákonodárství $8--Trx--Gesetzgebung $x05 $9391355759
244Z/01 $2Trx $8--Trx--Monographie $x06 $9391384546
245Z/01 $a13.03 $x01
245Z/01 $a07.02 $x02
245Z/01 $a07.01 $x03
247C/01 $82080>Marburg/Lahn, Herder-Institut, Forschungsbibliothek, Bibliographieportal $9336309341
| LEADER | 00000cam a22000002c 4500 | ||
|---|---|---|---|
| 001 | 035128801 | ||
| 003 | DE-603 | ||
| 005 | 20230428220333.0 | ||
| 007 | tu | ||
| 008 | 950522s1984 xx |||| | u00||u|pol c | ||
| 020 | |a 8304019167 | ||
| 035 | |a (DE-599)HEB035128801 | ||
| 035 | |a (OCoLC)185863116 | ||
| 040 | |a DE-603 |b ger |c DE-603 |d DE-603 | ||
| 041 | |a pol | ||
| 082 | 0 | 4 | |8 1\u |a 340.09 |q DE-101 |2 23/BSB |
| 085 | |8 1\u |b 340.09 | ||
| 085 | |8 1\u |z 1 |s 0903 | ||
| 085 | |8 1\u |z 1 |s 09041 | ||
| 085 | |8 1\u |z 2 |s 4382 | ||
| 085 | |8 1\u |z 2 |s 43832 | ||
| 100 | 1 | |a Maciejewski, Tadeusz |d 1952- |0 (DE-603)213910799 |0 (DE-588)138673454 |2 gnd | |
| 245 | 0 | 0 | |a Prawo sa̜dowe w ustawodawstwie miasta Gdańska w XVIII wieku |c Tadeusz Maciejewski |
| 246 | 1 | |i Übers. des Hauptsacht. |a Das Rechtswesen in der Gesetzgebung der Stadt Danzig im 18. Jahrhundert | |
| 246 | 1 | 3 | |a Das Rechtswesen in der Gesetzgebung der Stadt Danzig im 18. Jahrhundert |
| 264 | 1 | |a Wrocław |b Ossol. [u.a.] |c 1984 | |
| 300 | |a 185 S. | ||
| 490 | 1 | |a Seria monografii / Gdańskie Towarzystwo Naukowe, Wydział 1 Nauk Społecznych i Humanistycznych |v 80 | |
| 648 | 7 | |a Geschichte 1700-1800 |2 gnd | |
| 650 | 7 | |a Culmer Recht |0 (DE-588)4338042-6 |0 (DE-603)088137082 |2 gnd | |
| 650 | 7 | |a Rechtsprechung |0 (DE-588)4115710-2 |0 (DE-603)085350869 |2 gnd | |
| 651 | 7 | |a Danzig |0 (DE-588)4011039-4 |0 (DE-603)085022225 |2 gnd | |
| 810 | 2 | 2 | |a Gdańskie Towarzystwo Naukowe |b Wydział Nauk Społecznych i Humanistycznych |t Seria monografii |v 80 |w (DE-603)002748290 |w (DE-600)765346-3 |9 280 |7 as |
| 924 | 0 | |9 Mb 50 |a (DE-603)086628933 |b DE-Mb50 |c HES |d c |g 7 XII F 21 | |
| 924 | 0 | |9 2080 |a (DE-603)791790657 |b DE-2080 |c HES |d d |g / | |


